A booklet to celebrate Ranjung Yeshe Gomde Germany-Austria : (Record no. 2762)

MARC details
000 -LEADER
fixed length control field 00591nam a2200181 i 4500
003 - CONTROL NUMBER IDENTIFIER
control field OSt
005 - DATE AND TIME OF LATEST TRANSACTION
control field 20250719134810.0
008 - FIXED-LENGTH DATA ELEMENTS--GENERAL INFORMATION
fixed length control field 240427s2024 gw |||||r|||| 00| 0 eng d
040 ## - CATALOGING SOURCE
Original cataloging agency LHL
Language of cataloging eng
Transcribing agency LHL
Description conventions rda
245 ## - TITLE STATEMENT
Title A booklet to celebrate Ranjung Yeshe Gomde Germany-Austria :
Remainder of title dedicated to our teacher Chökyi Nyima Rinpoche, may his vision bring peace and joy.
264 ## - PRODUCTION, PUBLICATION, DISTRIBUTION, MANUFACTURE, AND COPYRIGHT NOTICE
Date of production, publication, distribution, manufacture, or copyright notice 2014.
300 ## - PHYSICAL DESCRIPTION
Dimensions 20 cm.
336 ## - CONTENT TYPE
Source rdacontent
Content type term text
Content type code txt
337 ## - MEDIA TYPE
Source rdamedia
Media type term unmediated
Media type code n
338 ## - CARRIER TYPE
Source rdacarrier
Carrier type term volume
Carrier type code nc
700 ## - ADDED ENTRY--PERSONAL NAME
Personal name Chökyi Nyima,
Titles and other words associated with a name Rinpoche,
Dates associated with a name 1951-
942 ## - ADDED ENTRY ELEMENTS (KOHA)
Koha item type Reference
Suppress in OPAC No
Source of classification or shelving scheme Lindholme Classification Scheme
Holdings
Withdrawn status Lost status Source of classification or shelving scheme Damaged status Not for loan Collection Home library Current library Shelving location Date acquired Total checkouts Full call number Barcode Date last seen Price effective from Koha item type Public note
    Lindholme Classification Scheme     General Buddhism Lindholme Hall Library Lindholme Hall Library Restricted section 19/07/2025   618 BOO 2500077 19/07/2025 19/07/2025 Reference Signed barcode on back cover